| 000 | 00937nam a22002537a 4500 | ||
|---|---|---|---|
| 005 | 20170124103038.0 | ||
| 010 | _aA-813514 | ||
| 020 |
_c200.00 _a818582956 |
||
| 035 | _aA-813514 | ||
| 037 | _bCen Lib/Ret | ||
| 040 |
_aDPL _bHN |
||
| 082 |
_aक _bभिक्खु |
||
| 100 |
_aभिक्खु _9500 |
||
| 245 |
_aकदाचित / _cभिक्खु |
||
| 246 |
_aKadachit _b by Bhikkhu |
||
| 260 |
_a दिल्ली _bज्ञान गंगा प्रकाशन _c1996 |
||
| 270 |
_a 205 सी -चावडी बाज़ार _b दिल्ली _e110006 |
||
| 300 |
_a323पृष्ठ. : _c21सेमी(सजिल्द) _bचित्र. |
||
| 650 |
_aहिंदी साहित्य _966336 |
||
| 650 |
_aहिंदी कहानी _966337 |
||
| 650 |
_aHindi literature _966338 |
||
| 650 |
_ahindi story _943117 |
||
| 942 |
_2ddc _cHN _hक _mभिक्खु |
||
| 999 |
_c116402 _d116402 |
||